[Event "GER-chT U20 Girls"]
[Site "Osnabrueck"]
[Date "2011.12.28"]
[Round "4.4"]
[White "Scheibe, Lydia"]
[Black "Brause, Vanessa"]
[Result "1-0"]
[WhiteElo "1233"]
[BlackElo "713"]
[PlyCount "71"]
[EventDate "2011.12.27"]
[EventType "team-swiss"]
[EventRounds "7"]
[EventCountry "GER"]
[SourceTitle "CBM 146 Extra"]
[Source "ChessBase"]
[SourceDate "2012.02.29"]
[SourceVersion "1"]
[SourceVersionDate "2012.02.29"]
[SourceQuality "1"]
[WhiteTeam "Chemnitz USG (W)"]
[BlackTeam "Leipzig Lindenau (W)"]
[WhiteTeamCountry "GER"]
[BlackTeamCountry "GER"]

1. e4 e5 2. Nf3 Nc6 3. Bc4 Nf6 4. Nc3 Nxe4 5. Nxe4 d5 6. Bxd5 Qxd5 7. Nc3 Qd8 8. d3 Bg4 9. Be3 Bb4 10. Bd2 0-0 11. Ne4 a5 12. Bxb4 axb4 13. h3 Bh5 14. 0-0 Nd4 15. Ned2 Ra6 16. Re1 Rg6 17. Rxe5 Rh6 18. Re3 Qd5 19. c3 Nf5 20. Re4 bxc3 21. Nc4 b5 22. Ne3 Qc5 23. bxc3 Nd6 24. Rf4 Qxc3 25. Rc1 Qa5 26. Qb3 Qa4 27. Rxa4 bxa4 28. Qb2 c5 29. Rxc5 Rg6 30. Rxh5 Ra8 31. Qe5 Ra6 32. Nf5 f6 33. Ne7+ Kf8 34. Nxg6+ Kg8 35. Qe6+ Nf7 36. Qe8# 1-0